Quizzes
Events
Quiz Creation
Community
Videos
Private Events
Remove Ads
Sign In
Join for FREE
Feedback
Dark Mode
Quiz Categories
Sports
Geography
Music
Movies
Television
Just For Fun
Miscellaneous
History
Literature
Language
Science
Gaming
Entertainment
Religion
Holiday
For Kids
Quiz Lab
Recent
Popular Today
Quiz Kudos Today
Editor Picks
Curator Picks
Quizzes by...
Day
Popularity
Type
Ratings
Length
Year
Community
Subscriptions
Recent Discussions
Orange Saloon
Badges
Playlists
Quests
Create
Leaderboards
Showdown
Live 5
Trivia Bingo
Activity
Puzzle Library
Sporcle Events
Private Events
Virtual Trivia
Globe League
Become a Host
Pub Owners
SporcleCon
Opinionation
Our Games
Videos
Blog
Mobile Apps
Partnerships
Remove Ads and Go Orange
Feedback
Geography
Country
Landmarks
City
State
Population
World
Capital
Continent
Flags
Europe
Africa
Asia
South America
North America
Oceania
Border
Canada
United Kingdom
Topography
United States
Geography
Country
Landmarks
City
State
Population
World
Capital
Continent
Flags
Europe
Africa
Asia
South America
North America
Oceania
Border
Canada
United Kingdom
Topography
United States
Random Quiz
Search Sporcle
×
Quiz Lab
Quiz Lab
Geography
Africa
Type in answers that appear in a list
Type in answers that appear in a list
Classic
Best Score? Go Orange.
Countries With The Yellow Mongoose Stats
Can you name the Countries With The Yellow Mongoose
By
Sidney_Hando
3m
5 Questions
47 Plays
47 Plays
47 Plays
Comments
Comments
Give Quiz Kudos
Give Quiz Kudos
-
- Ratings
hide this ad
Replay
Link that replays current quiz
Next Quiz
Link to next quiz in quiz playlist
You Got
0%
They Got
Avg Score
91%
Avg Friend Score
Upgrade to see
Score Distribution
Jump to the score distribution portion of the page
Score
0/5
Timer
03:00
0
Plays Today
Hint
Contry
% Correct
South Africa
100%
Zimbabwe
95.7%
Angola
89.4%
Namibia
87.2%
Botswana
85.1%
Quiz Playlist
Details
Report
Send in Message
Add To Playlist
Classic:
Type in answers that appear in a list
Last Updated: Feb 16, 2017
Quiz Scoreboard
CHALLENGE
Sign Up to Join the Scoreboard
Show All
Scores
Hide
Comments
May contain spoilers
Recently Published
1-10 Letter E Words III
by El_Dandy
Language
2m
One Thing in Common: World Cities II
by knightlancer
Geography
7m
Popular People in 1961
by mucciniale
History
6m
More to Explore
Quiz From the Vault
Featured Blog Post
Where Did the Easter Bunny Come From?
hide this ad
You Might Also Like...
Tags
Africa Quiz
Wildlife
Today's Top Quizzes in Geography
Browse Geography
hide this ad
Today's Top Quizzes in Africa
Browse Africa
Top Contributed Quizzes in Geography
1
Countries of the World - No Outlines Minefield
2
Top 25 Cities of France on a map
3
African Flag Reveal XLV
4
Closest Countries to UK A-Z
5
Blind Secret Country CLXXXVIII
6
Find the US States - No Outlines
7
One Thing in Common: Asia
8
One Thing in Common: United Kingdom
9
One Thing in Common: Geography
10
One Thing in Common: Around the World
Explore More
Trending Topics
NBA
Harry Potter
Marvel
Disney
Kpop
Crossword
Anime
Pokémon
Soccer
Puzzle
Song
The Office
Country
NFL
WWE
hide this ad
More By:
Sidney_Hando
Quiz
Plays
Rating
Category
Featured
Created
Prefectures Of Japan (Picture Click)
16,660
4.96
Geography
Mar 14, 2016
Same Longitude as Japan
9,526
4.68
Geography
Mar 15, 2016
Provinces of South Korea (Picture Click)
2,729
4.80
Geography
Mar 16, 2016
30 Biggest Islands in the British Isles
2,650
4.50
Geography
Nov 24, 2014
2 Borders Away: Germany
557
4.82
Geography
May 4, 2016
Go to Creator's Profile
Score Distribution
Quiz Creator Spotlight
Sidney_Hando
Follow
Send a Message
Quizzes Created
-
Created Quiz Play Count
-
More By This Creator
Popular Quizzes Today
1
Find the US States - No Outlines Minefield
2
Find the Countries of Europe - No Outlines Minefield
3
The Countries of the World
4
Popular People in 1961
5
1-10 Letter E Words III
6
Find the US States
7
One Thing in Common: World Cities II
8
US States
More Geography Quizzes
Native American Tribal Nations: Canada-Alaska-Greenland
Published
Trending Quizzes
Risky Map Clicking: Least Populous States A-Z
1-10 Letter F Words
1-10 Letter G Words
One Thing in Common: United Kingdom
Risky Map Clicking: Next State Alphabetically
Recently Updated
Leaping Animals
pecheneg
Reality TV Shows (A-Z)
bhenderson79
Rickey Henderson's Hall of Fame Teammates
pecheneg
Champions League XIs: Arsenal
pecheneg
Quick Pick: Celebrities in WWE's Hall of Fame
aduchscher
A-Z Keypad Blitz II
pecheneg
Multiple Oscar Actors
pecheneg
Mystery Phrase Blitz: Oscar 'Best Actors'
pecheneg
F. Scott Fitzgerald Novels
LTH
Pick 3 Villains
ddd62291
Trending Topics
Harry Potter
Anime
Marvel
Kpop
NBA
Disney
Crossword
Puzzle
WWE
NFL
Soccer
The Office
Song
Pokémon
Country
Your Account Isn't Verified!
In order to create a playlist on Sporcle, you need to verify the email address you used during registration. Go to your
Sporcle Settings
to finish the process.
Report this User
Report this user for behavior that violates our
Community Guidelines
.
Details:
Send Report
Go to the Sporcle.com Mobile Site →
Comments